[Event "Titled Tuesday intern op 12th Oct"]
[Site "Chess.com INT"]
[Date "2021.10.12"]
[Round "9"]
[White "Alves Farias, Sergio Roberto"]
[Black "Begunov, Konstantin"]
[Result "1-0"]
[WhiteElo "2025"]
[BlackElo "2325"]
[PlyCount "59"]
[EventDate "2021.10.12"]
[EventType "swiss (blitz)"]
[EventRounds "11"]
[EventCountry "USA"]
[SourceTitle "EXT 2023"]
[Source "ChessBase"]
[SourceDate "2022.10.05"]
[SourceVersion "1"]
[SourceVersionDate "2022.10.05"]
[SourceQuality "1"]

1. c4 c6 2. d4 d5 3. cxd5 cxd5 4. Nc3 Nf6 5. Nf3 Nc6 6. Bf4 a6 7. e3 Bg4 8. Be2 e6 9. 0-0 Bd6 10. Bg5 0-0 11. a3 Rc8 12. Rc1 Be7 13. h3 Bxf3 14. Bxf3 Na5 15. Na4 Nc4 16. Bxf6 Bxf6 17. Nc5 Nxb2 18. Qb3 Nc4 19. Qxb7 Rb8 20. Qxa6 Ra8 21. Qb7 Rxa3 22. Rfd1 Be7 23. e4 Bg5 24. Rc2 Rxf3 25. gxf3 Bf4 26. Ra2 Qg5+ 27. Kf1 Qh5 28. Ke2 g6 29. Nd7 Rd8 30. Nf6+ 1-0

[Event "Titled Tuesday intern op 12th Oct"]
[Site "Chess.com INT"]
[Date "2021.10.12"]
[Round "2"]
[White "Alves Farias, Sergio Roberto"]
[Black "Golubev, Mikhail"]
[Result "0-1"]
[WhiteElo "2025"]
[BlackElo "2461"]
[PlyCount "72"]
[EventDate "2021.10.12"]
[EventType "swiss (blitz)"]
[EventRounds "11"]
[EventCountry "USA"]
[SourceTitle "EXT 2023"]
[Source "ChessBase"]
[SourceDate "2022.10.05"]
[SourceVersion "1"]
[SourceVersionDate "2022.10.05"]
[SourceQuality "1"]

1. c4 g6 2. h4 Bg7 3. h5 e5 4. d3 Nc6 5. Nc3 d6 6. a3 a5 7. g3 Bg4 8. h6 Bf8 9. Bg2 Bd7 10. Rb1 f5 11. Nf3 Nf6 12. Bg5 Be7 13. Bxf6 Bxf6 14. Nd5 0-0 15. b4 axb4 16. axb4 e4 17. dxe4 fxe4 18. Nh4 e3 19. Nxe3 Bc3+ 20. Kf1 Bd4 21. Bxc6 Bxe3 22. Bd5+ Kh8 23. Nf3 Bb6 24. Bxb7 Ra7 25. Be4 Qe7 26. Ra1 Qf6 27. Rxa7 Bxa7 28. Kg2 g5 29. Qa1 Qxa1 30. Rxa1 Bb6 31. Rd1 g4 32. Nd4 Rf6 33. e3 Rxh6 34. c5 dxc5 35. bxc5 Bxc5 36. Nf5 Bxf5 0-1

[Event "Titled Tuesday intern op 12th Oct"]
[Site "Chess.com INT"]
[Date "2021.10.12"]
[Round "1"]
[White "Alves Farias, Sergio Roberto"]
[Black "Maevsky, Nikolay"]
[Result "1/2-1/2"]
[WhiteElo "2025"]
[BlackElo "2337"]
[PlyCount "117"]
[EventDate "2021.10.12"]
[EventType "swiss (blitz)"]
[EventRounds "11"]
[EventCountry "USA"]
[SourceTitle "EXT 2023"]
[Source "ChessBase"]
[SourceDate "2022.10.05"]
[SourceVersion "1"]
[SourceVersionDate "2022.10.05"]
[SourceQuality "1"]

1. c4 Nc6 2. d4 d5 3. cxd5 Qxd5 4. Nf3 e5 5. Nc3 Bb4 6. e3 exd4 7. Nxd4 Nxd4 8. exd4 Ne7 9. Bd3 Qxg2 10. Qa4+ Bd7 11. Qxb4 Qxh1+ 12. Ke2 0-0 13. Be4 Nc6 14. Qxf8+ Kxf8 15. Bxh1 Nxd4+ 16. Kf1 Re8 17. Be3 Nc2 18. Rd1 Bh3+ 19. Kg1 Nxe3 20. fxe3 Rxe3 21. Bxb7 Re5 22. Rd8+ Ke7 23. Rd3 Be6 24. Nd5+ Kd6 25. Nf4+ Kc5 26. Nxe6+ Rxe6 27. Bg2 Re2 28. Rd7 Kb6 29. Rxf7 g5 30. Rxh7 Rxb2 31. Bd5 c6 32. Bb3 a5 33. Rg7 a4 34. Bxa4 Rxa2 35. Bb3 Ra5 36. Bg8 Re5 37. Kg2 Kc5 38. Kg3 Kd4 39. Kg4 Re2 40. Rd7+ Kc5 41. Bh7 Rxh2 42. Kxg5 Rf2 43. Kg4 Kc4 44. Kg3 Rf6 45. Bg8+ Kb4 46. Rb7+ Kc5 47. Bh7 Kd4 48. Rd7+ Kc4 49. Be4 c5 50. Bf3 Kc3 51. Kf2 c4 52. Ke3 Re6+ 53. Be4 Rh6 54. Rd1 Rh3+ 55. Bf3 Kc2 56. Rd2+ Kc3 57. Rd1 Kc2 58. Rd2+ Kc3 59. Rd1 1/2-1/2